000 01289nac a22003371i 4500
003 EG-ScBUE
005 20250529090359.0
008 250315t1965 nyua f 001 0 eng d
020 _a0070026556
020 _a9780070026551
035 _a(OCoLC)ocm51966345
040 _aEG-ScBUE
_beng
_erda
_cEG-ScBUE
_dEG-ScBUE
082 0 4 _a512.02
_bAYR
_222
100 1 _aAyres, Frank,
_d1901-1994,
_eauthor.
245 1 0 _aSchaum's outline of theory and problems of abstract algebra /
_cby Frank Ayres, Jr., Ph.D., formerly professor and head, Department of Mathematics, Dickinson College.
246 3 0 _aTheory and problems of abstract algebra
246 3 0 _aAbstract algebra
264 1 _aNew York :
_bMcGraw-Hill,
_c[1965]
264 4 _cc1965
300 _a245 pages :
_billustrations ;
_c28 cm.
336 _2rdacontent
_atext
_btxt
337 _aunmediated
_2rdamedia
_bn
338 _avolume
_bnc
_2rdacarrier
490 0 _aSchaum's outline series
500 _aIncludes index.
650 7 _aAlgebra, Abstract.
_2BUEsh
655 _vReading book
856 4 2 _3Contributor biographical information
_uhttp://www.loc.gov/catdir/enhancements/fy0621/2004559773-b.html
856 4 2 _3Publisher description
_uhttp://www.loc.gov/catdir/enhancements/fy0621/2004559773-d.html
942 _cBB
_2ddc
999 _c1336
_d1336